| 000 | 00493nam a22001577a 4500 | ||
|---|---|---|---|
| 999 |
_c10486 _d10486 |
||
| 003 | GBCCL | ||
| 005 | 20241126110733.0 | ||
| 008 | 240814b ||||| |||| 00| 0 eng d | ||
| 040 | _cgbc | ||
| 082 |
_aARC GBC-2023 _bINM |
||
| 100 |
_aInmawi, Van _918261 |
||
| 245 |
_aAn exegetical study on Paul's understanding of personal regeneration based on Ephesians 2:8-9 and Titus 3:5 / _cVan Inmawi |
||
| 260 |
_aNew Lamka : _bGrace Bible college, _c2023 |
||
| 300 |
_a58p. ; _c28cm |
||
| 942 |
_2ddc _cTH |
||